Italian Language Adj./Adv. - comparison - Statistics

General Stats
  • This quiz has been taken 45 times
  • The average score is 18 of 24
Answer Stats
Hint Answer % Correct
common commune
100%
normal normale
100%
original originale
100%
separate separate (o)
100%
correct corretta (o)
86%
false falsa (o)
86%
familiar familiare
86%
important importante
86%
mysterious misteriosa (o)
86%
rare rara (o)
86%
alone sola (o)
86%
special speciale
86%
differnt diversa (o)
71%
fake impostore
71%
interesting interessante
71%
peculiar peculiare
71%
similar simile
71%
strange/odd strana (o)
71%
together insieme
57%
right ragione
57%
true/real vera (o)
57%
wrong sbagliata (o)
43%
same stessa (o)
43%
incorrect errata (o)
29%
No matching quizzes found
Score Distribution
Percent of People with Each Score
Percentile by Number Answered
Your Score History
You have not taken this quiz